Statistics for European Busiest Container Ports

Click here to take the quiz!

General Stats

  • This quiz has been taken 81 times
  • The average score is 12 of 19

Answer Stats

Rank in EuropeCityCountry2016% Change 2011/2016% Correct
1RotterdamNetherlands11,675+3.0
100%
2AntwerpBelgium9,891+18.9
93%
3HamburgGermany8,929-1.2
93%
13BarcelonaSpain2,225+10.9
91%
10IstanbulTurkey2,781+5.9
91%
6ValenciaSpain4,693+8.3
88%
16GdanskPoland1,559+127.6
86%
19MarseilleFrance1,244+13.6
80%
12GenoaItaly2,356+84.5
77%
4BremerhavenGermany5,51-6.8
72%
18LondonUnited Kingdom1,492+102.4
72%
14SouthamptonUnited Kingdom2,04+28.2
58%
11Le HavreFrance2,48+11.6
54%
9PiraeusGreece3,736+122.2
38%
7FelixstoweUnited Kingdom4,016+23.6
23%
5AlgecirasSpain4,762+32.5
20%
15La SpeziaItaly1,605+33.2
9%
8Gioia TauroItaly3,796+14.8
8%
17SinesPortugal1,513+238.5
5%

Score Distribution

Percentile by Number Answered

Percent of People with Each Score

Your Score History

You have not taken this quiz